Biblioteca y Centro de Documentación

Un nuevo marco legislativo laboral. Comentarios a las conclusiones del grupo FIDE sobre una nueva ordenación legal consensuada del Trabajo y de las Relaciones Laborales (Registro nro. 49676)

Detalles MARC
000 -CABECERA
Longitud fija campo de control 01187naa a2200289 c 4500
001 - NÚMERO DE CONTROL
Número de control 49676
003 - IDENTIFICADOR DE NÚMERO DE CONTROL
Identificador del número de control ES-MaCES
005 - FECHA Y HORA DE LA ÚLTIMA TRANSACCIÓN
Fecha y hora de la última transacción 20170710131011.0
008 - CAMPO FIJO DE DESCRIPCIÓN FIJA--INFORMACIÓN GENERAL
Códigos de información de longitud fija   170710s2017 sp ||||| t||||||| ||spa d
040 ## - FUENTE DE CATALOGACIÓN
Centro catalogador de origen ES-MaCES
Lengua de catalogación spa
Centro transcriptor ES-MaCES
Centro modificado ES-MaCES
100 1# - ENCABEZAMIENTO PRINCIPAL--NOMBRE PERSONAL
9 (RLIN) 13636
Nombre de persona Gómez Gordillo, Rafael
245 13 - MENCIÓN DE TÍTULO
Título Un nuevo marco legislativo laboral. Comentarios a las conclusiones del grupo FIDE sobre una nueva ordenación legal consensuada del Trabajo y de las Relaciones Laborales
Mención de responsabilidad, etc. Rafael Gómez Gordillo
610 14 - ASIENTO SECUNDARIO DE MATERIA--NOMBRE CORPORATIVO
9 (RLIN) 38124
Nombre de entidad corporativa o nombre de jurisdicción como elemento inicial FIDE
650 #4 - ASIENTO SECUNDARIO DE MATERIA--TÉRMINO DE MATERIA
9 (RLIN) 28292
Término de materia o nombre geográfico como elemento inicial mercado de trabajo
650 #4 - ASIENTO SECUNDARIO DE MATERIA--TÉRMINO DE MATERIA
9 (RLIN) 28299
Término de materia o nombre geográfico como elemento inicial empleo
650 #4 - ASIENTO SECUNDARIO DE MATERIA--TÉRMINO DE MATERIA
9 (RLIN) 28369
Término de materia o nombre geográfico como elemento inicial relaciones laborales
650 #4 - ASIENTO SECUNDARIO DE MATERIA--TÉRMINO DE MATERIA
9 (RLIN) 28316
Término de materia o nombre geográfico como elemento inicial contrato de trabajo
650 #4 - ASIENTO SECUNDARIO DE MATERIA--TÉRMINO DE MATERIA
9 (RLIN) 28327
Término de materia o nombre geográfico como elemento inicial condiciones de trabajo
650 #4 - ASIENTO SECUNDARIO DE MATERIA--TÉRMINO DE MATERIA
9 (RLIN) 27166
Término de materia o nombre geográfico como elemento inicial legislación del trabajo
650 #4 - ASIENTO SECUNDARIO DE MATERIA--TÉRMINO DE MATERIA
9 (RLIN) 29892
Término de materia o nombre geográfico como elemento inicial reforma legislativa
650 #4 - ASIENTO SECUNDARIO DE MATERIA--TÉRMINO DE MATERIA
9 (RLIN) 29776
Término de materia o nombre geográfico como elemento inicial servicio de consultoría
650 #4 - ASIENTO SECUNDARIO DE MATERIA--TÉRMINO DE MATERIA
9 (RLIN) 28986
Término de materia o nombre geográfico como elemento inicial informe
653 10 - TÉRMINO DE INDEXACIÓN--NO CONTROLADO
Término no controlado Relaciones laborales-Empleo
773 0# - ENTRADA DE DOCUMENTO FUENTE
Itemnumber del ítem fuente 86129
Lugar, editor y fecha de publicación Madrid Lefebvre El Derecho 2015-
Otro identificador del documento 089027
Título Derecho de las relaciones laborales
Número de control del registro relacionado (ES-MaCES)46200
Parte(s) relacionada(s) n. 4 (abr. 2017) {55/1131 R. 089027} ;p. 345-350
902 ## - CES. TIPO DE DOCUMENTO
Tipodoc (006$c Sirtex) ART Artículo de revista
942 ## - ELEMENTOS KOHA
Fuente de clasificaión o esquema Clasificación propia del CES
Koha [por defecto] tipo de item Artículos (1982-2017)
Parte de clasificación Relaciones Laborales y Rel. Lab.- Empleo

No hay ítems disponibles.

© CES, Consejo Económico y Social de España 2021